La energía en la competitividad del sector industrial: un modelo para el uso racional de la energía en las industrias
Kaydedildi:
| Yazar: | |
|---|---|
| Materyal Türü: | Kitap |
| Baskı/Yayın Bilgisi: |
San José, C.R.
1999
|
| Konular: | |
| Etiketler: |
Etiketle
Etiket eklenmemiş, İlk siz ekleyin!
|
MARC
| LEADER | 00000nam a2200000Ia 4500 | ||
|---|---|---|---|
| 003 | 008494 | ||
| 005 | 20221231144209.0 | ||
| 008 | 140114s1999 cr a m 000 ||s d | ||
| 040 | |c cru CEDI | ||
| 090 | |a TFG 4142 | ||
| 100 | |a Porras Garita, Gerardo E |9 8204 | ||
| 245 | |a La energía en la competitividad del sector industrial: un modelo para el uso racional de la energía en las industrias | ||
| 260 | |c 1999 |a San José, C.R. | ||
| 300 | |a 312 páginas : ilustraciones | ||
| 500 | |a Tesis (Magister Scientiae)--Universidad de Costa Rica. Programa de Estudios de Posgrado en Ingeniería Industrial | ||
| 650 | |x CONSERVACION DE LA ENERGIA |x CONSUMO DE ENERGIA |x COMPETENCIA ECONOMICA |9 8205 | ||
| 942 | |c TFG | ||
| 999 | |c 18296 |d 18296 | ||
